<?xml version="1.0" encoding="UTF-8"?>
<collection xmlns="http://www.loc.gov/MARC21/slim">
  <record>
    <leader>00000nam  2200000   4500</leader>
    <controlfield tag="001">INLIS000000000000335</controlfield>
    <controlfield tag="005">20180724134617</controlfield>
    <controlfield tag="008">180724|||||||||   |   |||   |||| ||   | </controlfield>
    <datafield tag="035" ind1=" " ind2=" ">
      <subfield code="0">010-0718000335</subfield>
    </datafield>
    <datafield tag="041" ind1=" " ind2=" ">
      <subfield code="a">id</subfield>
    </datafield>
    <datafield tag="082" ind1=" " ind2=" ">
      <subfield code="a">014</subfield>
    </datafield>
    <datafield tag="090" ind1=" " ind2=" ">
      <subfield code="a">R 014 PIM I  2013</subfield>
    </datafield>
    <datafield tag="100" ind1=" " ind2=" ">
      <subfield code="a">Sengadji, Karolus G.</subfield>
    </datafield>
    <datafield tag="245" ind1=" " ind2=" ">
      <subfield code="a">Peningkatan aksesibilitas ke pulau wisata Karimunjaya melalui perubahan pola trayek pelayaran perintis R-10 guna mengembangkan perekonomian daerah tertinggal.</subfield>
    </datafield>
    <datafield tag="260" ind1=" " ind2=" ">
      <subfield code="a">Jakarta</subfield>
      <subfield code="b">Lembaga Administrasi Negara</subfield>
      <subfield code="c">2013</subfield>
    </datafield>
    <datafield tag="300" ind1=" " ind2=" ">
      <subfield code="a">15 hlm. ; 30 cm.</subfield>
    </datafield>
    <datafield tag="500" ind1=" " ind2=" ">
      <subfield code="a">Merevisi rencana pola trayek R-10 agar menghubungkan Pulau Wisata Karimunjawa demi meningkatkan akses wisata ke Pulau WIsata Karimunjawa serta meningkatkan distribusi logistic untuk meningkatkan perekonomian daerah-daerah tertinggal. Dengan adanya perubahan pola trayek melintasi Pulau Wisata Karimunjawa dan meningkatkan distribusi logitik demi peningkatan pertumbuhan ekonomi dan kesejahteraan masyarakat.</subfield>
    </datafield>
    <datafield tag="650" ind1=" " ind2=" ">
      <subfield code="a">Peningkatan - Aksebilitas -- Proyek Perubahan PIM1</subfield>
    </datafield>
  </record>
</collection>
